000 00430nam a2200205Ia 4500
008 240510s9999 xx 000 0 und d
020 _a0000023344016
041 _aEng
082 _a658.8
082 _bE81
100 _aEVANS, Joel R.
245 0 _aMarketing
250 _a4th ed.
260 _bMacmillan Pub. Company
260 _c1990
300 _a780 p.
650 _aMarketing
942 _2ddc
942 _cLBK
999 _c24362
_d24362
945 _a1
_bMadushi Gamage
_c1
_dMadushi Gamage